U.S State Scramble! - Statistics

General Stats
  • This quiz has been taken 50 times
  • The average score is 41 of 50
Answer Stats
Answer % Correct
Florida
94%
Ohio
94%
Alabama
90%
Delaware
90%
Kentucky
90%
Michigan
90%
North Dakota
90%
Hawaii
87%
Indiana
87%
Iowa
87%
Maine
87%
Missouri
87%
Oregon
87%
Texas
87%
Alaska
84%
Colorado
84%
Illinois
84%
Maryland
84%
Massachusetts
84%
Nebraska
84%
Nevada
84%
New York
84%
South Dakota
84%
Tennessee
84%
Virginia
84%
Wisconsin
84%
Wyoming
84%
California
81%
Georgia
81%
Idaho
81%
Kansas
81%
Montana
81%
New Jersey
81%
New Mexico
81%
North Carolina
81%
Pennsylvania
81%
Vermont
81%
Arizona
77%
Connecticut
77%
Louisiana
77%
Minnesota
77%
Mississippi
77%
Oklahoma
77%
Rhode Island
77%
Utah
77%
Washington
77%
West Virginia
77%
New Hampshire
74%
South Carolina
74%
Arkansas
71%
No matching quizzes found
Score Distribution
Percent of People with Each Score
Percentile by Number Answered
Your Score History
You have not taken this quiz